LEADER 01358nam 2200385 450 001 9910325655503321 005 20230817193356.0 010 $a1-5386-8350-4 035 $a(CKB)4100000008272464 035 $a(WaSeSS)IndRDA00123268 035 $a(EXLCZ)994100000008272464 100 $a20200519d2019 uy 0 101 0 $aeng 135 $aur||||||||||| 181 $ctxt$2rdacontent 182 $cc$2rdamedia 183 $acr$2rdacarrier 200 10$a2019 International Conference on Information Networking $e9-11 January 2019, Kuala Lumpur, Malaysia /$fIEEE Computer Society 210 1$aPiscataway, New Jersey :$cInstitute of Electrical and Electronics Engineers,$d2019. 215 $a1 online resource (107 pages) 311 $a1-5386-8351-2 606 $aComputer networks$xManagement$vCongresses 606 $aInformation networks$xManagement$vCongresses 606 $aWireless communication systems$xManagement$vCongresses 615 0$aComputer networks$xManagement 615 0$aInformation networks$xManagement 615 0$aWireless communication systems$xManagement 676 $a004.6 712 02$aIEEE Computer Society, 801 0$bWaSeSS 801 1$bWaSeSS 906 $aPROCEEDING 912 $a9910325655503321 996 $a2019 International Conference on Information Networking$92546303 997 $aUNINA